[Event "Reykjavik Kvika op"]
[Site "Reykjavik"]
[Date "2022.04.11"]
[Round "8"]
[White "Hermes, Geoff R"]
[Black "Hafdisarson, Ingi Thor"]
[Result "1-0"]
[WhiteElo "1837"]
[BlackElo "1314"]
[PlyCount "121"]
[EventDate "2022.04.06"]
[EventType "swiss"]
[EventRounds "9"]
[EventCountry "ISL"]
[SourceTitle "CBM 207 Extra"]
[Source "ChessBase"]
[SourceDate "2022.05.31"]
[SourceVersion "1"]
[SourceVersionDate "2022.05.31"]
[SourceQuality "1"]

1. c4 b6 2. g3 Bb7 3. Nf3 e6 4. Bg2 Nf6 5. 0-0 Be7 6. Nc3 0-0 7. d4 d5 8. cxd5 exd5 9. Bf4 Nh5 10. Bd2 Nf6 11. Rc1 c6 12. Qc2 Nbd7 13. Nh4 Re8 14. Nf5 Bf8 15. Bf4 Rc8 16. e4 Nb8 17. e5 Nfd7 18. Qd2 f6 19. Rfe1 fxe5 20. dxe5 Nc5 21. Nd4 Ba6 22. Bf1 Bxf1 23. Kxf1 Ne6 24. Nxe6 Rxe6 25. Bg5 Be7 26. Bxe7 Qxe7 27. Qd4 Rd8 28. f4 c5 29. Qd1 d4 30. Ne4 Qb7 31. Qb3 Qd5 32. Qxd5 Rxd5 33. Ng5 Re7 34. b4 h6 35. Ne4 Na6 36. bxc5 Nxc5 37. Nxc5 bxc5 38. Ke2 Rc7 39. Kd3 Kf7 40. Kc4 Rd8 41. f5 d3 42. Red1 Rd4+ 43. Kc3 Ra4 44. Rxd3 Rxa2 45. Rcd1 Ra3+ 46. Kc4 Rxd3 47. Rxd3 h5 48. h3 g6 49. g4 hxg4 50. hxg4 gxf5 51. gxf5 Ke7 52. Rd5 a5 53. Rxc5 Ra7 54. Kb3 a4+ 55. Ka3 Kf7 56. Rd5 Ke7 57. Rd6 Ra5 58. f6+ Kf7 59. Rd7+ Ke6 60. Re7+ Kf5 61. f7 1-0

[Event "Reykjavik Kvika op"]
[Site "Reykjavik"]
[Date "2022.04.06"]
[Round "1"]
[White "Hermes, Geoff R"]
[Black "Hoskuldsson, Sigurdur Heidar"]
[Result "1-0"]
[WhiteElo "1837"]
[BlackElo "1321"]
[PlyCount "95"]
[EventDate "2022.04.06"]
[EventType "swiss"]
[EventRounds "9"]
[EventCountry "ISL"]
[SourceTitle "CBM 207 Extra"]
[Source "ChessBase"]
[SourceDate "2022.05.31"]
[SourceVersion "1"]
[SourceVersionDate "2022.05.31"]
[SourceQuality "1"]

1. c4 g6 2. g3 Bg7 3. Bg2 d6 4. Nc3 e6 5. e4 Nd7 6. Nge2 a6 7. 0-0 Rb8 8. a4 b6 9. d4 e5 10. f4 Bb7 11. Be3 h6 12. Qd2 Ngf6 13. h3 c5 14. fxe5 dxe5 15. d5 Nf8 16. a5 Qd6 17. Na4 N8d7 18. axb6 Rc8 19. b4 g5 20. bxc5 Nxc5 21. Nxc5 Rxc5 22. Bxc5 Qxc5+ 23. Kh2 0-0 24. Rab1 Rd8 25. Qb4 Qe3 26. Nc3 Bf8 27. Qb2 Nh5 28. Rf3 Qc5 29. Qf2 Qxf2 30. Rxf2 Rc8 31. Bf1 Bc5 32. Rc2 Nf6 33. Bd3 h5 34. Na4 Nd7 35. Be2 Nf6 36. Rf1 Nxe4 37. Nxc5 Rxc5 38. Bd3 Nd6 39. Re2 e4 40. Bxe4 Rxc4 41. Bg2 Kg7 42. Rff2 a5 43. Rc2 Rd4 44. Rc6 Bxc6 45. dxc6 Rb4 46. b7 Nxb7 47. cxb7 a4 48. Ra2 1-0

[Event "Gibraltar Amateur op-B"]
[Site "Caleta"]
[Date "2019.01.29"]
[Round "4"]
[White "Hermes, Geoff R"]
[Black "Sahil, Dhawan"]
[Result "0-1"]
[WhiteElo "1860"]
[BlackElo "1843"]
[PlyCount "54"]
[EventDate "2019.01.26"]
[EventType "swiss"]
[EventRounds "5"]
[EventCountry "GGB"]
[SourceTitle "EXT 2021"]
[Source "ChessBase"]
[SourceDate "2020.10.23"]
[SourceVersion "1"]
[SourceVersionDate "2020.10.23"]
[SourceQuality "1"]

1. d4 Nf6 2. Bf4 e6 3. e3 c5 4. c3 d5 5. Bd3 Bd6 6. Bg3 Nc6 7. Nf3 0-0 8. Nbd2 b6 9. e4 dxe4 10. Nxe4 Be7 11. dxc5 bxc5 12. Qe2 Bb7 13. Rd1 Nd5 14. c4 Qa5+ 15. Rd2 Ndb4 16. Bb1 Nxa2 17. Bxa2 Qxa2 18. 0-0 Rad8 19. Nd6 Ba8 20. b4 Qa3 21. b5 Nd4 22. Nxd4 cxd4 23. Ra2 d3 24. Qd2 Qc5 25. Rfa1 Bxd6 26. Rxa7 Bxg3 27. hxg3 Qxc4 0-1

[Event "Gibraltar Amateur op-B"]
[Site "Caleta"]
[Date "2019.01.27"]
[Round "2"]
[White "Hermes, Geoff R"]
[Black "Escanciano Reyero, Daniel"]
[Result "1/2-1/2"]
[WhiteElo "1860"]
[BlackElo "1732"]
[PlyCount "110"]
[EventDate "2019.01.26"]
[EventType "swiss"]
[EventRounds "5"]
[EventCountry "GGB"]
[SourceTitle "EXT 2021"]
[Source "ChessBase"]
[SourceDate "2020.10.23"]
[SourceVersion "1"]
[SourceVersionDate "2020.10.23"]
[SourceQuality "1"]

1. d4 Nf6 2. Bf4 g6 3. Nc3 d6 4. e4 Bg7 5. Qd2 h6 6. h4 Nbd7 7. 0-0-0 a6 8. Nf3 Nb6 9. Bd3 Nh5 10. Bh2 Bg4 11. e5 d5 12. e6 Bxe6 13. Ne5 Bf5 14. g4 Bxd3 15. Qxd3 Nf6 16. Qf3 g5 17. hxg5 hxg5 18. Bg3 Rxh1 19. Rxh1 e6 20. Rh7 Kf8 21. Rh2 Qe7 22. Qe3 Nfd7 23. Nf3 Nc4 24. Qxg5 Qxg5+ 25. Nxg5 Nd6 26. Nf3 Nf6 27. g5 Nfe4 28. Nxe4 dxe4 29. Ne5 Ke7 30. Rh7 Rg8 31. Ng4 Bxd4 32. Bxd6+ cxd6 33. Nh6 Rg7 34. Rxg7 Bxg7 35. Ng4 d5 36. c3 b5 37. Kd2 Kd6 38. Ke3 a5 39. Nh6 Ke7 40. Ng4 b4 41. cxb4 axb4 42. a3 Bxb2 43. axb4 Bc1+ 44. Kd4 Bxg5 45. Kc5 f5 46. Ne5 e3 47. fxe3 Bxe3+ 48. Kc6 f4 49. b5 Kf6 50. Nf3 Kf5 51. Kd6 Bb6 52. Kc6 Ba5 53. Nd4+ Ke4 54. Nxe6 f3 55. Ng5+ Ke5 1/2-1/2

[Event "Gibraltar Challengers-B"]
[Site "Caleta"]
[Date "2018.01.28"]
[Round "2"]
[White "Bryant, Richard BE"]
[Black "Hermes, Geoff R"]
[Result "1-0"]
[WhiteElo "2016"]
[BlackElo "1879"]
[PlyCount "75"]
[EventDate "2018.01.27"]
[EventType "swiss"]
[EventRounds "5"]
[EventCountry "GGB"]
[SourceTitle "EXT 2019"]
[Source "ChessBase"]
[SourceDate "2018.10.10"]
[SourceVersion "1"]
[SourceVersionDate "2018.10.10"]
[SourceQuality "1"]

1. e4 d6 2. d4 Nf6 3. Nc3 c6 4. Bd3 e5 5. Nf3 Nbd7 6. dxe5 dxe5 7. 0-0 Be7 8. b3 0-0 9. Bb2 Qc7 10. Ne2 Bd6 11. Ng3 Nc5 12. Re1 Re8 13. Bf1 b5 14. c4 b4 15. a3 Rb8 16. axb4 Rxb4 17. Ba3 Rb8 18. b4 Ne6 19. c5 Bf8 20. Bb2 Ng4 21. Bc3 Rd8 22. Nd2 Nxc5 23. bxc5 Bxc5 24. Nh1 Qb6 25. Qf3 Bb4 26. Bxb4 Qxb4 27. Reb1 Qd6 28. Nc4 Qc7 29. Rxb8 Qxb8 30. Ng3 Be6 31. Nf5 Bxf5 32. Qxf5 Nf6 33. Nxe5 Re8 34. Nd7 Nxd7 35. Qxd7 Rxe4 36. Rxa7 Rf4 37. Rc7 g6 38. Rc8+ 1-0

[Event "Gibraltar Amateur op-A"]
[Site "Caleta"]
[Date "2017.01.23"]
[Round "1"]
[White "Zitan, Abdelhay"]
[Black "Hermes, Geoff R"]
[Result "1/2-1/2"]
[WhiteElo "1678"]
[BlackElo "1896"]
[PlyCount "86"]
[EventDate "2017.01.23"]
[EventType "swiss"]
[EventRounds "5"]
[EventCountry "GGB"]
[SourceTitle "CBM 176 Extra"]
[Source "ChessBase"]
[SourceDate "2017.03.02"]
[SourceVersion "1"]
[SourceVersionDate "2017.03.02"]
[SourceQuality "1"]

1. e4 d6 2. d4 Nf6 3. Nc3 c6 4. Nf3 Bg4 5. Be2 e6 6. 0-0 Be7 7. Be3 0-0 8. h3 Bh5 9. Nd2 Bxe2 10. Qxe2 d5 11. e5 Nfd7 12. f4 g6 13. Nf3 a6 14. Qd2 Nb6 15. b3 N8d7 16. Ne2 c5 17. c3 Rc8 18. a3 Qc7 19. Rfc1 Qc6 20. a4 a5 21. dxc5 Nxc5 22. Bxc5 Bxc5+ 23. Nfd4 Qd7 24. Kf1 Qe7 25. g3 Nd7 26. Qe3 f6 27. exf6 Rxf6 28. b4 Ba7 29. Nc6 Rxc6 30. Qxa7 e5 31. Qxa5 Qe6 32. Kg2 exf4 33. Nxf4 Qe4+ 34. Kh2 Rxf4 35. gxf4 Qxf4+ 36. Kg2 Qd2+ 37. Kh1 Qd3 38. Kh2 Re6 39. Qd8+ Nf8 40. Rg1 Re3 41. Qc8 Qe4 42. Qg4 Qe5+ 43. Kh1 Qxc3 1/2-1/2

[Event "BCF-chT3Sb 1516 (4NCL)"]
[Site "England"]
[Date "2016.02.14"]
[Round "6.119"]
[White "Obi, Marc On"]
[Black "Hermes, Geoff R"]
[Result "0-1"]
[WhiteElo "1900"]
[BlackElo "1904"]
[PlyCount "60"]
[EventDate "2015.11.14"]
[EventType "team-swiss"]
[EventRounds "7"]
[EventCountry "ENG"]
[SourceTitle "EXT 2017"]
[Source "ChessBase"]
[SourceDate "2016.10.25"]
[SourceVersion "1"]
[SourceVersionDate "2016.10.25"]
[SourceQuality "1"]
[WhiteTeam "MK Phoenix II"]
[BlackTeam "Fermented Sharks"]
[WhiteTeamCountry "ENG"]
[BlackTeamCountry "ENG"]

1. e4 d6 2. g3 Nf6 3. Bg2 e5 4. c4 Be6 5. b3 Nc6 6. Nc3 Nd4 7. h3 Be7 8. Nge2 Nxe2 9. Qxe2 c6 10. 0-0 Qd7 11. Kh2 h5 12. d3 h4 13. g4 Bxg4 14. hxg4 Nxg4+ 15. Kg1 h3 16. Bf3 Rh4 17. Nd1 g5 18. Ne3 Nxe3 19. Qxe3 g4 20. Be2 h2+ 21. Kg2 Rh3 22. Qd2 0-0-0 23. Kh1 Rg8 24. Qd1 g3 25. Bf3 gxf2 26. Bg2 Bh4 27. Bd2 Rxg2 28. Kxg2 Rg3+ 29. Kxf2 Rg1+ 30. Ke3 Qh3+ 0-1

[Event "BCF-chT3Sb 1516 (4NCL)"]
[Site "England"]
[Date "2016.02.13"]
[Round "5.109"]
[White "Hermes, Geoff R"]
[Black "McMahon, Paul"]
[Result "0-1"]
[WhiteElo "1904"]
[BlackElo "2008"]
[PlyCount "52"]
[EventDate "2015.11.14"]
[EventType "team-swiss"]
[EventRounds "7"]
[EventCountry "ENG"]
[SourceTitle "EXT 2017"]
[Source "ChessBase"]
[SourceDate "2016.10.25"]
[SourceVersion "1"]
[SourceVersionDate "2016.10.25"]
[SourceQuality "1"]
[WhiteTeam "Fermented Sharks"]
[BlackTeam "Poisoned Pawns"]
[WhiteTeamCountry "ENG"]
[BlackTeamCountry "ENG"]

1. e4 d5 2. exd5 Qxd5 3. Nf3 Nf6 4. Nc3 Qd6 5. Nb5 Qb6 6. a4 c6 7. a5 Qd8 8. Nc3 Bf5 9. Ne5 e6 10. a6 b6 11. Qf3 Qc7 12. d4 Bd6 13. Nb5 cxb5 14. Bxb5+ Ke7 15. Qxa8 Be4 16. Bc6 Nxc6 17. Nxc6+ Bxc6 18. Qxh8 Bxg2 19. Qxg7 Bb4+ 20. Bd2 Bxd2+ 21. Kxd2 Qf4+ 22. Kc3 Bxh1 23. Rxh1 Qf3+ 24. Kb4 Qxh1 25. Qg3 Qc6 26. Qb8 Qd6+ 0-1

[Event "Gibraltar Amateur op-A"]
[Site "Caleta"]
[Date "2016.01.28"]
[Round "4"]
[White "Hermes, Geoff R"]
[Black "Cruz Fiallos, Hamilton Tarley"]
[Result "1-0"]
[WhiteElo "1892"]
[BlackElo "1836"]
[PlyCount "113"]
[EventDate "2016.01.25"]
[EventType "swiss"]
[EventRounds "5"]
[EventCountry "GGB"]
[SourceTitle "CBM 170 Extra"]
[Source "ChessBase"]
[SourceDate "2016.02.25"]
[SourceVersion "1"]
[SourceVersionDate "2016.02.25"]
[SourceQuality "1"]

1. e4 e6 2. d4 d5 3. Nd2 c5 4. exd5 exd5 5. Ngf3 Nf6 6. Bb5+ Bd7 7. Bxd7+ Nbxd7 8. 0-0 Be7 9. dxc5 Nxc5 10. Nd4 0-0 11. N2b3 Re8 12. Be3 Nce4 13. Re1 Qd7 14. f3 Nc5 15. Nxc5 Bxc5 16. Qd2 h6 17. c3 Bb6 18. Kh1 Re7 19. Bf2 Rae8 20. Rxe7 Rxe7 21. Re1 Rxe1+ 22. Qxe1 Qa4 23. Qb1 Qc4 24. Kg1 g6 25. a3 Nd7 26. Qe1 Qd3 27. h3 Bc7 28. g3 Ne5 29. Kg2 a6 30. f4 Nc4 31. Qe8+ Kg7 32. Nf3 Qc2 33. Kg1 Qb1+ 34. Ne1 Bb6 35. Bxb6 Nxb6 36. Qe5+ Kh7 37. Qe7 Kg7 38. Qe5+ Kf8 39. Qd6+ Kg8 40. Qxb6 Qxe1+ 41. Kg2 Qe4+ 42. Kf2 Qe7 43. Kf3 h5 44. Qd4 Qe6 45. g4 hxg4+ 46. hxg4 Qe1 47. Qe5 Qh1+ 48. Kg3 Qg1+ 49. Kh4 Qf2+ 50. Kg5 Qb6 51. Kh6 Kf8 52. Qxd5 g5+ 53. Kxg5 Qxb2 54. Qc5+ Kg7 55. Qd4+ Kh7 56. Kf6 Qb3 57. Qe4+ 1-0

[Event "Gibraltar Amateur op-A"]
[Site "Caleta"]
[Date "2016.01.25"]
[Round "1"]
[White "Chidi, Lovinia Sylvia"]
[Black "Hermes, Geoff R"]
[Result "1/2-1/2"]
[WhiteElo "1780"]
[BlackElo "1892"]
[PlyCount "50"]
[EventDate "2016.01.25"]
[EventType "swiss"]
[EventRounds "5"]
[EventCountry "GGB"]
[SourceTitle "CBM 170 Extra"]
[Source "ChessBase"]
[SourceDate "2016.02.25"]
[SourceVersion "1"]
[SourceVersionDate "2016.02.25"]
[SourceQuality "1"]

1. d4 d6 2. Nf3 Bg4 3. g3 Nf6 4. Bg2 c6 5. c4 Nbd7 6. Nc3 e5 7. h3 Bh5 8. d5 c5 9. e4 Be7 10. Qc2 Bxf3 11. Bxf3 0-0 12. 0-0 Qc8 13. Bg2 a6 14. a4 Rb8 15. Be3 Qd8 16. Bd2 Ne8 17. b3 Bg5 18. Ne2 Bxd2 19. Qxd2 Nc7 20. Kh2 Qe7 21. Qa5 b6 22. Qd2 Rbe8 23. g4 Qh4 24. Qe3 Nf6 25. Qg3 Qxg3+ 1/2-1/2

[Event "BCF-chT3Sb 1516 (4NCL)"]
[Site "England"]
[Date "2016.01.16"]
[Round "3.99"]
[White "Hermes, Geoff R"]
[Black "Wright, Jonathan"]
[Result "1/2-1/2"]
[WhiteElo "1892"]
[BlackElo "1902"]
[PlyCount "91"]
[EventDate "2015.11.14"]
[EventType "team-swiss"]
[EventRounds "7"]
[EventCountry "ENG"]
[SourceTitle "CBM 170 Extra"]
[Source "ChessBase"]
[SourceDate "2016.02.25"]
[SourceVersion "1"]
[SourceVersionDate "2016.02.25"]
[SourceQuality "1"]
[WhiteTeam "Fermented Sharks"]
[BlackTeam "Surbiton"]
[WhiteTeamCountry "ENG"]
[BlackTeamCountry "ENG"]

1. e4 c5 2. Nf3 Nc6 3. Bb5 g6 4. 0-0 Bg7 5. c3 Nf6 6. e5 Nd5 7. d4 Nc7 8. Ba4 0-0 9. Re1 d6 10. Bxc6 bxc6 11. exd6 Qxd6 12. dxc5 Qxd1 13. Rxd1 Bg4 14. Re1 Bxf3 15. gxf3 Nd5 16. a3 e6 17. c4 Ne7 18. Ra2 Nf5 19. Kg2 Rfd8 20. b4 Nh4+ 21. Kg3 Nf5+ 22. Kg2 Rd3 23. Be3 Rad8 24. b5 Bf6 25. Kf1 Nd4 26. Bxd4 Bxd4 27. Ke2 Bxc5 28. a4 Bb4 29. Rc1 c5 30. a5 R3d6 31. Nc3 f5 32. f4 Kf7 33. Na4 Rd2+ 34. Rxd2 Rxd2+ 35. Ke3 Rd8 36. Rb1 Bxa5 37. Ke2 Bb4 38. Nb2 Bc3 39. Nd3 Bd4 40. Rb3 Kf6 41. Ra3 Rd7 42. Ra6 Rc7 43. Nc1 Ke7 44. Nb3 Bc3 45. Kd3 Be1 46. Ke2 1/2-1/2

[Event "Guernsey Holiday op 41st"]
[Site "Guernsey"]
[Date "2015.10.23"]
[Round "6"]
[White "Hermes, Geoff R"]
[Black "Baart, Edwin"]
[Result "1/2-1/2"]
[WhiteElo "1884"]
[BlackElo "1675"]
[PlyCount "29"]
[EventDate "2015.10.18"]
[EventType "swiss"]
[EventRounds "7"]
[EventCountry "GCI"]
[SourceTitle "EXT 2022"]
[Source "ChessBase"]
[SourceDate "2021.10.06"]
[SourceVersion "1"]
[SourceVersionDate "2021.10.06"]
[SourceQuality "1"]

1. e4 e5 2. Nf3 Nc6 3. c3 Nf6 4. d4 exd4 5. e5 Ne4 6. cxd4 d5 7. Nbd2 Be7 8. Bd3 f5 9. exf6 Nxf6 10. 0-0 0-0 11. h3 Qe8 12. Nb3 Qh5 13. Nh2 Qh4 14. Nf3 Qh5 15. Nh2 1/2-1/2

[Event "Gibraltar Challengers-A 13th"]
[Site "Caleta"]
[Date "2015.01.30"]
[Round "5"]
[White "Gieritz, Dietmar"]
[Black "Hermes, Geoff R"]
[Result "1-0"]
[WhiteElo "2048"]
[BlackElo "1907"]
[PlyCount "105"]
[EventDate "2015.01.26"]
[EventType "swiss"]
[EventRounds "5"]
[EventCountry "GGB"]
[SourceTitle "CBM 164 Extra"]
[Source "ChessBase"]
[SourceDate "2015.03.02"]
[SourceVersion "1"]
[SourceVersionDate "2015.03.02"]
[SourceQuality "1"]

1. Nf3 d6 2. d4 Bg4 3. c4 Nf6 4. Nc3 Nbd7 5. Qb3 Rb8 6. Bf4 Bxf3 7. exf3 g6 8. Be2 Bg7 9. 0-0 0-0 10. Rfe1 Re8 11. Qa3 Qc8 12. Rac1 Ra8 13. Be3 c6 14. f4 e6 15. Bf3 Nb6 16. b3 d5 17. c5 Nbd7 18. b4 b5 19. cxb6 axb6 20. Qb3 Qa6 21. a4 Rec8 22. Be2 Qa7 23. Ra1 Qb8 24. Rec1 Bf8 25. Nd1 Qd6 26. Bd2 Ne4 27. Be1 Qxf4 28. Rc2 Bg7 29. Rac1 Qd6 30. Bb5 Nb8 31. Qe3 Ra7 32. f3 Nf6 33. Bg3 Qxb4 34. Bxb8 Rxb8 35. Rxc6 Raa8 36. Nf2 Ne8 37. Rd1 h5 38. g4 h4 39. g5 Qe7 40. Rdc1 Qb7 41. Ng4 Rc8 42. Ne5 Rab8 43. Qf4 Rxc6 44. Nxc6 Ra8 45. Kg2 Kf8 46. Ne5 Kg8 47. Bc6 Bxe5 48. dxe5 Qc8 49. Bxa8 Qxa8 50. Qxh4 Qb8 51. Qd4 Ng7 52. Rb1 Nf5 53. Qxb6 1-0

[Event "Gibraltar Challengers-A 13th"]
[Site "Caleta"]
[Date "2015.01.29"]
[Round "4"]
[White "Hermes, Geoff R"]
[Black "Suez Panama, Gilles"]
[Result "1/2-1/2"]
[WhiteElo "1907"]
[BlackElo "2030"]
[PlyCount "55"]
[EventDate "2015.01.26"]
[EventType "swiss"]
[EventRounds "5"]
[EventCountry "GGB"]
[SourceTitle "CBM 164 Extra"]
[Source "ChessBase"]
[SourceDate "2015.03.02"]
[SourceVersion "1"]
[SourceVersionDate "2015.03.02"]
[SourceQuality "1"]

1. e4 e6 2. d4 d5 3. Nd2 Nf6 4. e5 Nfd7 5. Bd3 c5 6. c3 Nc6 7. Ne2 cxd4 8. cxd4 f6 9. exf6 Qxf6 10. Nf3 h6 11. 0-0 Bd6 12. Be3 0-0 13. Ng3 Rd8 14. Bb1 Nf8 15. Nh5 Qf7 16. Ng3 Bd7 17. a3 Rac8 18. Qd2 Be8 19. Ba2 Rd7 20. b4 b5 21. Rac1 Rdc7 22. Ne2 Ng6 23. Ne1 Nge7 24. Nd3 Nf5 25. f4 Qf6 26. Nc5 Bh5 27. Ng3 Bf7 28. Nxf5 1/2-1/2

[Event "Gibraltar Challengers-A 13th"]
[Site "Caleta"]
[Date "2015.01.28"]
[Round "3"]
[White "Yu, Jonathan"]
[Black "Hermes, Geoff R"]
[Result "1/2-1/2"]
[WhiteElo "2081"]
[BlackElo "1907"]
[PlyCount "89"]
[EventDate "2015.01.26"]
[EventType "swiss"]
[EventRounds "5"]
[EventCountry "GGB"]
[SourceTitle "CBM 164 Extra"]
[Source "ChessBase"]
[SourceDate "2015.03.02"]
[SourceVersion "1"]
[SourceVersionDate "2015.03.02"]
[SourceQuality "1"]

1. e4 d6 2. d4 Nf6 3. Nc3 c6 4. h3 Nbd7 5. Nf3 e5 6. Be2 Be7 7. a4 b6 8. 0-0 0-0 9. Be3 Re8 10. dxe5 dxe5 11. Bc4 Qc7 12. Ng5 Rf8 13. f4 Bc5 14. Bxc5 Nxc5 15. fxe5 Qxe5 16. Nf3 Qg3 17. Ne2 Qg6 18. e5 Nh5 19. Kh2 Be6 20. Bxe6 Nxe6 21. c3 Nef4 22. Nxf4 Nxf4 23. Qd2 Ne6 24. Nh4 Qe4 25. Qe1 Qxe1 26. Raxe1 g6 27. Rd1 Rad8 28. Kg3 Nc5 29. a5 bxa5 30. Ra1 Rd5 31. Nf3 Nd3 32. Rfd1 Rfd8 33. c4 R5d7 34. Rxa5 Nxb2 35. Rxd7 Rxd7 36. Rc5 a5 37. Rxa5 Nxc4 38. Rc5 Nd2 39. Rxc6 Nxf3 40. gxf3 Kg7 41. h4 Rd5 42. f4 h5 43. Rc3 Rd7 44. Rf3 Rd4 45. Kh3 1/2-1/2

[Event "Guernsey op 40th"]
[Site "Vale"]
[Date "2014.10.23"]
[Round "5"]
[White "Hermes, Geoff R"]
[Black "Cummins, John"]
[Result "0-1"]
[WhiteElo "1931"]
[BlackElo "1819"]
[PlyCount "98"]
[EventDate "2014.10.19"]
[EventType "swiss"]
[EventRounds "7"]
[EventCountry "GCI"]
[SourceTitle "EXT 2016"]
[Source "ChessBase"]
[SourceDate "2015.10.08"]
[SourceVersion "1"]
[SourceVersionDate "2015.10.08"]
[SourceQuality "1"]

1. e4 c5 2. Nf3 Nc6 3. c3 d6 4. d4 cxd4 5. cxd4 a6 6. d5 Nb8 7. Be3 Nf6 8. Nc3 g6 9. Bd3 Bg7 10. Qd2 Nbd7 11. 0-0 Ng4 12. Bd4 Nge5 13. Nxe5 Nxe5 14. Be2 0-0 15. f4 Bh6 16. Be3 Nd7 17. Kh1 b5 18. a3 Bb7 19. Rf3 Nc5 20. Rd1 f6 21. Rh3 Bg7 22. f5 g5 23. Bh5 h6 24. Bg6 Nd7 25. Qe2 Ne5 26. Qh5 Bc8 27. Rg3 Bd7 28. Bxg5 fxg5 29. Rxg5 Rf6 30. Rg3 Qf8 31. Ne2 Nxg6 32. Rxg6 Rxg6 33. Qxg6 Qf6 34. Qg3 Qxb2 35. Nf4 Rc8 36. h3 Rc1 37. Rxc1 Qxc1+ 38. Kh2 Qb2 39. Ng6 Qf6 40. Qb3 Kh7 41. Qc2 Qc3 42. Qxc3 Bxc3 43. Nf8+ Kg7 44. Nxd7 Bb2 45. Nb8 a5 46. Nc6 a4 47. Nxe7 b4 48. Nc6 b3 49. Na5 Be5+ 0-1

[Event "Guernsey op 40th"]
[Site "Vale"]
[Date "2014.10.20"]
[Round "2"]
[White "Twitchell, David J"]
[Black "Hermes, Geoff R"]
[Result "1/2-1/2"]
[WhiteElo "2009"]
[BlackElo "1931"]
[PlyCount "68"]
[EventDate "2014.10.19"]
[EventType "swiss"]
[EventRounds "7"]
[EventCountry "GCI"]
[SourceTitle "EXT 2016"]
[Source "ChessBase"]
[SourceDate "2015.10.08"]
[SourceVersion "1"]
[SourceVersionDate "2015.10.08"]
[SourceQuality "1"]

1. e4 d6 2. d4 Nf6 3. Nc3 c6 4. f4 Qa5 5. Bd3 e5 6. fxe5 dxe5 7. dxe5 Ng4 8. Nf3 Nxe5 9. Nxe5 Qxe5 10. 0-0 Bd6 11. Bf4 Qd4+ 12. Kh1 Bxf4 13. Rxf4 Be6 14. Qe2 Nd7 15. Rd1 Qe5 16. Rff1 0-0-0 17. Bc4 f6 18. Bxe6 Qxe6 19. Qe3 Kb8 20. Qg3+ Kc8 21. Rd3 Nc5 22. Rxd8+ Rxd8 23. Qxg7 Nxe4 24. Nxe4 Qxe4 25. Qxf6 Rd2 26. Qh8+ Kc7 27. Qg7+ Kb6 28. a4 Qe2 29. a5+ Ka6 30. Rg1 Rd1 31. h3 Rxg1+ 32. Kxg1 Qd1+ 33. Kh2 Qxc2 34. Qd4 c5 1/2-1/2

[Event "Guernsey op 40th"]
[Site "Vale"]
[Date "2014.10.19"]
[Round "1"]
[White "Hermes, Geoff R"]
[Black "Hallerod, Ralph"]
[Result "0-1"]
[WhiteElo "1931"]
[BlackElo "2115"]
[PlyCount "90"]
[EventDate "2014.10.19"]
[EventType "swiss"]
[EventRounds "7"]
[EventCountry "GCI"]
[SourceTitle "EXT 2016"]
[Source "ChessBase"]
[SourceDate "2015.10.08"]
[SourceVersion "1"]
[SourceVersionDate "2015.10.08"]
[SourceQuality "1"]

1. e4 c6 2. d4 d5 3. Nc3 dxe4 4. Nxe4 Nf6 5. Nxf6+ gxf6 6. Nf3 Bg4 7. Be2 e6 8. Bf4 Bd6 9. Qd2 Qc7 10. Bxd6 Qxd6 11. 0-0-0 Nd7 12. h3 Bxf3 13. Bxf3 0-0-0 14. c4 c5 15. Qa5 cxd4 16. Qxa7 Qb6 17. Qxb6 Nxb6 18. c5 Nc4 19. Be2 Ne5 20. Bd3 f5 21. f4 Nd7 22. c6 bxc6 23. Ba6+ Kc7 24. Rxd4 Rdg8 25. Rhd1 Nf6 26. Bf1 Rg3 27. Ra4 Rf8 28. Rdd4 Nd5 29. Ra7+ Kd6 30. b4 Re3 31. Kd2 Re4 32. Rxe4 fxe4 33. b5 e3+ 34. Ke1 cxb5 35. Bxb5 Nxf4 36. g3 Nd5 37. Bc4 Kc5 38. Bb3 Rg8 39. Ra5+ Kd4 40. Ra4+ Ke5 41. g4 f5 42. Bxd5 exd5 43. gxf5 d4 44. Ra5+ Ke4 45. Ra4 Kf3 0-1

[Event "Maastricht Limburg op-B 8th"]
[Site "Maastricht"]
[Date "2014.06.08"]
[Round "4"]
[White "Hermes, Geoff R"]
[Black "Gorts, Sven"]
[Result "1-0"]
[WhiteElo "1937"]
[BlackElo "1916"]
[PlyCount "61"]
[EventDate "2014.06.06"]
[EventType "swiss"]
[EventRounds "7"]
[EventCountry "NED"]
[SourceTitle "EXT 2015"]
[Source "ChessBase"]
[SourceDate "2014.11.20"]
[SourceVersion "1"]
[SourceVersionDate "2014.11.20"]
[SourceQuality "1"]

1. e4 e5 2. Nf3 Nc6 3. d4 exd4 4. Nxd4 Bc5 5. Nxc6 Qf6 6. Qd2 dxc6 7. Bd3 Be6 8. 0-0 0-0-0 9. Qe2 h5 10. e5 Qe7 11. Nc3 Bg4 12. Qe1 Bd4 13. h3 Bd7 14. Ne2 Bxe5 15. Be3 Kb8 16. f4 Bxb2 17. Bxa7+ Kxa7 18. Rb1 Qc5+ 19. Kh1 Bf6 20. Rb4 Ra8 21. Qb1 b6 22. Rc4 Qd5 23. Rd1 Kb8 24. Rb4 Qa5 25. Be4 Kc8 26. c4 Nh6 27. c5 bxc5 28. Rb7 Qxa2 29. Rb8+ Rxb8 30. Qxa2 Rd8 31. Qa6+ 1-0

[Event "Maastricht Limburg op-B 8th"]
[Site "Maastricht"]
[Date "2014.06.07"]
[Round "3"]
[White "Verhoef, Ruud"]
[Black "Hermes, Geoff R"]
[Result "1/2-1/2"]
[WhiteElo "1919"]
[BlackElo "1937"]
[PlyCount "42"]
[EventDate "2014.06.06"]
[EventType "swiss"]
[EventRounds "7"]
[EventCountry "NED"]
[SourceTitle "EXT 2015"]
[Source "ChessBase"]
[SourceDate "2014.11.20"]
[SourceVersion "1"]
[SourceVersionDate "2014.11.20"]
[SourceQuality "1"]

1. e4 d6 2. d4 Nf6 3. Nc3 c6 4. a4 a5 5. Nf3 Bg4 6. h3 Bh5 7. Be3 Nbd7 8. Be2 e5 9. Qd2 Bg6 10. Bd3 Be7 11. 0-0 0-0 12. Rad1 Qc7 13. Rfe1 Rfe8 14. dxe5 dxe5 15. Nh4 Rad8 16. Nxg6 hxg6 17. Qe2 Nc5 18. f3 Nxd3 19. Rxd3 Rxd3 20. Qxd3 Rd8 21. Qe2 Bb4 1/2-1/2

[Event "EU-ch Seniors 50 14th"]
[Site "Porto"]
[Date "2014.03.16"]
[Round "8"]
[White "Hermes, Geoff R"]
[Black "Ferreira, Victor Manuel"]
[Result "0-1"]
[WhiteElo "1930"]
[BlackElo "2050"]
[PlyCount "96"]
[EventDate "2014.03.09"]
[EventType "swiss"]
[EventRounds "9"]
[EventCountry "POR"]
[SourceTitle "CBM 159 Extra"]
[Source "ChessBase"]
[SourceDate "2014.04.24"]
[SourceVersion "1"]
[SourceVersionDate "2014.04.24"]
[SourceQuality "1"]

1. e4 e6 2. d4 d5 3. e5 c5 4. c3 Nc6 5. Nf3 f6 6. Bd3 cxd4 7. cxd4 Bb4+ 8. Nbd2 fxe5 9. dxe5 Nge7 10. 0-0 0-0 11. a3 Bxd2 12. Bxd2 Nf5 13. b4 Bd7 14. a4 a6 15. Qc2 Rc8 16. Qb2 Qe8 17. b5 Nb8 18. Rfc1 axb5 19. axb5 h6 20. Ra7 Rxc1+ 21. Bxc1 Bc8 22. Qc3 Nd7 23. Ba3 Rf7 24. Bb4 g5 25. Bxf5 Rxf5 26. Qc7 Rf4 27. Qd6 Rc4 28. h3 Qg6 29. Ra1 Qf5 30. Bd2 Nc5 31. Be3 Ne4 32. Qd8+ Qf8 33. Qxf8+ Kxf8 34. Ra8 Ke7 35. Nd4 Kd7 36. b6 Nc3 37. Nb3 d4 38. Bd2 Nd5 39. Na5 Rc2 40. Ra7 Rxd2 41. Nxb7 Bxb7 42. Rxb7+ Kc6 43. Rh7 Nxb6 44. Rxh6 Kd5 45. Rg6 d3 46. Rxg5 Rd1+ 47. Kh2 d2 48. Rg3 Rh1+ 0-1